Taste of France. Pouliche / 8, Amandine Chaignot :
After working alongside some of the greatest names in the culinary world, former MasterChef jury member Amandine Chaignot opened her first restaurant called Pouliche. In this program she demonstrates the extent of her talent, serving refined vegetarian-focused cuisine. We'll get to know her sec...
| Other Authors: | , |
|---|---|
| Format: | Video |
| Language: | English French |
| Language Notes: | In English and French with English subtitles. |
| Published: |
[Place of publication not identified] :
TMW Media,
2022.
|
| Series: | Academic Video Online
|
| Subjects: | |
| Online Access: | Connect to this streaming video (Alexander Street Press) |
MARC
| Tag | First Indicator | Second Indicator | Subfields |
|---|---|---|---|
| LEADER | 00000cgm a2200000Mi 4500 | ||
| 001 | in00005589113 | ||
| 006 | m o c | ||
| 007 | cr |n||||||||a | ||
| 007 | vz |za|z| | ||
| 008 | 221215s2022 xx 025 e o vneng d | ||
| 005 | 20241201234635.0 | ||
| 035 | |a (OCoLC)on1376037679 | ||
| 040 | |a ALSTP |b eng |e rda |c ALSTP |d OCLCF |d OCLCO |d OCLCL |d DXU | ||
| 019 | |a 1444016011 | ||
| 035 | |a (OCoLC)1376037679 |z (OCoLC)1444016011 | ||
| 041 | 0 | |a eng |a fre | |
| 043 | |a e-fr--- | ||
| 049 | |a TXAM | ||
| 245 | 0 | 0 | |a Taste of France. |n 8, |p Amandine Chaignot : |b Pouliche / |c [producer and director, Tobias Elvhage] ; [hosts, Martin Forsström, Stephane Meyer]. |
| 246 | 3 | 0 | |a Amandine Chaignot : |b Pouliche |
| 264 | 1 | |a [Place of publication not identified] : |b TMW Media, |c 2022. | |
| 300 | |a 1 online resource (25 minutes) | ||
| 306 | |a 002418 | ||
| 336 | |a two-dimensional moving image |b tdi |2 rdacontent | ||
| 337 | |a computer |b c |2 rdamedia | ||
| 337 | |a video |b v |2 rdamedia | ||
| 338 | |a online resource |b cr |2 rdacarrier | ||
| 347 | |a video file |2 rdaft | ||
| 490 | 0 | |a Academic Video Online | |
| 500 | |a Title from resource description page (viewed January 19, 2023). | ||
| 520 | |a After working alongside some of the greatest names in the culinary world, former MasterChef jury member Amandine Chaignot opened her first restaurant called Pouliche. In this program she demonstrates the extent of her talent, serving refined vegetarian-focused cuisine. We'll get to know her secrets for stimulating flavors and the principles behind her raw, refined French cuisine. | ||
| 546 | |a In English and French with English subtitles. | ||
| 650 | 0 | |a Cooking, French. | |
| 650 | 0 | |a Gastronomy |z France. | |
| 650 | 0 | |a Restaurants |z France. | |
| 650 | 0 | |a Cooks |z France. | |
| 650 | 0 | |a Women cooks |z France. | |
| 650 | 6 | |a Gastronomie |z France. | |
| 650 | 6 | |a Restaurants |z France. | |
| 650 | 6 | |a Cuisiniers |z France. | |
| 650 | 6 | |a Cuisinières (Personnes) |z France. | |
| 650 | 7 | |a Cooking, French |2 fast | |
| 650 | 7 | |a Cooks |2 fast | |
| 650 | 7 | |a Gastronomy |2 fast | |
| 650 | 7 | |a Restaurants |2 fast | |
| 650 | 7 | |a Women cooks |2 fast | |
| 651 | 7 | |a France |2 fast |1 https://id.oclc.org/worldcat/entity/E39PBJd8gD4vdtqQMdQHvYqbBP | |
| 655 | 7 | |a Educational films |2 fast | |
| 655 | 7 | |a Instructional films |2 fast | |
| 655 | 7 | |a Television cooking shows |2 fast | |
| 655 | 7 | |a Instructional films. |2 lcgft | |
| 655 | 7 | |a Educational films. |2 lcgft | |
| 655 | 7 | |a Television cooking shows. |2 lcgft | |
| 655 | 7 | |a Films de formation. |2 rvmgf | |
| 655 | 7 | |a Films éducatifs. |2 rvmgf | |
| 655 | 7 | |a Émissions de cuisine télévisées. |2 rvmgf | |
| 700 | 1 | |a Chaignot, Amandine, |e speaker. | |
| 700 | 1 | |a Elvhage, Tobias, |e producer, |e director. | |
| 700 | 1 | |a Forsström, Martin, |e host. | |
| 700 | 1 | |a Meyer, Stephane, |e host. | |
| 710 | 2 | |a TMW Media Group, |e publisher, |e production company. | |
| 856 | 4 | 0 | |u http://proxy.library.tamu.edu/login?url=https://www.aspresolver.com/aspresolver.asp?MARC;5368776 |z Connect to this streaming video (Alexander Street Press) |t 0 |
| 955 | |a Alexander Street Press subscription streaming video | ||
| 994 | |a 92 |b TXA | ||
| 999 | f | f | |s e31bddde-6149-4ede-a757-bdb5eb9be276 |i b656751d-4ee7-4002-baac-4031eb54924f |t 0 |
| 952 | f | f | |a Texas A&M University |b College Station |c Electronic Resources |d Available Online |t 0 |h Library of Congress classification |
| 998 | f | f | |t 0 |l Available Online |